OT Things Quiz Stats

 Plays Quiz Updated Oct 7, 2018

Also try: Rhyme Time
Challenge
Share
Tweet
Embed
Score 0/22 Timer 05:00
0 Plays Today
Hint Answer % Correct
How Mary Kate and Ashley are knownOlsen twins
90.3%
Charles Dickens orphanOliver Twist
88.3%
Acorn producerOak tree
86.4%
Genesis to MalachiOld Testament
84.2%
How beer may be offered at a barOn tap
82.7%
George Clooney and company's third heistOcean's Thirteen
81.1%
Portable O2 vesselOxygen tank
76.3%
Not related to the main point of the conversationOff topic
71.5%
Exxon Valdez, for oneOil tanker
68.9%
A feature that separates primates from other mammalsOpposable thumbs
68.3%
A protector of the quarterbackOffensive tackle
61%
Hint Answer % Correct
Original German name for the song
'O Christmas Tree'
O Tannenbaum
56.2%
'You have died of dysentery' is a line from this educational computer gameOregon Trail
53.1%
This is how customs and folklore are handed down in the absence of a writing systemOral tradition
50.5%
Columbus Day, traditionallyOctober 12
46.4%
Athletes must complete these preliminaries if they want to compete in the Sochi gamesOlympic trials
46.3%
What Star Wars fans call Episodes IV-VIOriginal Trilogy
46%
Thornton Wilder's Pulitzer Prize-winning play of 1938Our Town
35.2%
Army that captured Constantinople in 1453Ottoman Turks
35.1%
Popular patriotic song during WWI and WWII with the line 'The Yanks are coming'Over There
31.9%
Home of Manchester UnitedOld Trafford
26.4%
Enya's biggest hit (US)Only Time
11.9%

You're not logged in!

Compare scores with friends on all Sporcle quizzes.
OR
Log In

You Might Also Like...

Show Comments

Extras

Top Quizzes Today


Score Distribution

Your Account Isn't Verified!

In order to create a playlist on Sporcle, you need to verify the email address you used during registration. Go to your Sporcle Settings to finish the process.

Report this User

Report this user for behavior that violates our Community Guidelines.

Details: